| 000 | 01918cam a2200529 i 4500 | ||
|---|---|---|---|
| 999 |
_c8252 _d8252 |
||
| 001 | 1788320 | ||
| 003 | OSt | ||
| 005 | 20190926130800.0 | ||
| 008 | 140418s2015 ii b 001 0 eng d | ||
| 010 | _a 2015361424 | ||
| 020 | _a9789351480112 | ||
| 020 | _a9351480119 | ||
| 025 | _aI-E-2015361424; 13-91 | ||
| 035 | _a(OCoLC)ocn900401420 | ||
| 035 | _a1788320 | ||
| 037 | _bLibrary of Congress -- New Delhi Overseas Office | ||
| 040 |
_aDKAGE _beng _erda _cDLC _dDKAGE _dOCLCF _dZCU _dOCLCQ _dOCL _dPTS |
||
| 042 |
_alccopycat _alcode |
||
| 043 |
_aa-ii--- _ae-uk--- |
||
| 049 | _aPTSS | ||
| 050 | 0 | 0 |
_aBX8495.W5 _bS87 2015 |
| 082 | 0 | 4 |
_a306 _223 _b SU961T |
| 100 | 1 |
_aSuray, Joseph Basappa, _d1961- _eauthor. |
|
| 245 | 1 | 0 |
_aTowards a theology of universality : _bJohn Wesley's socio-economic, political & moral insights on British class & Indian caste distinctions / _cJoseph Basappa Suray. |
| 264 | 1 |
_aNew Delhi : _bChristian World Imprints, _c[2015]. |
|
| 264 | 4 | _c�2015 | |
| 300 |
_axxxiv, 486 pages ; _c22 cm. |
||
| 336 |
_atext _btxt _2rdacontent |
||
| 337 |
_aunmediated _bn _2rdamedia |
||
| 338 |
_avolume _bnc _2rdacarrier |
||
| 490 | 1 |
_aChristian heritage rediscovered ; _v5 |
|
| 500 | _aOriginally presented as the author's thesis (Ph. D.)--Manchester University, 1998. | ||
| 504 | _aIncludes bibliographical references (pages [437]-472) and index. | ||
| 600 | 1 | 0 |
_aWesley, John, _d1703-1791. |
| 650 | 0 |
_aPrevenient grace _xHistory of doctrines. |
|
| 650 | 0 |
_aPeonage _zIndia _xHistory. |
|
| 650 | 0 |
_aSlave trade _zEngland _xHistory. |
|
| 650 | 0 |
_aSocial classes _zEngland _xHistory. |
|
| 650 | 0 |
_aCaste _zIndia _xReligious aspects. |
|
| 650 | 0 |
_aMissions _xTheory. |
|
| 650 | 0 | _aTheology, Doctrinal. | |
| 651 | 0 |
_aIndia _xSocial conditions. |
|
| 651 | 0 |
_aIndia _xEconomic conditions. |
|
| 830 | 0 |
_aChristian heritage rediscovered ; _v5. |
|
| 942 |
_2ddc _cBK |
||
| 945 | _aMARCIVE20181205 | ||